| 000 | 03090njm a2200493Ia 4500 | ||
|---|---|---|---|
| 001 | 73196 | ||
| 003 | IT-RoPAU | ||
| 005 | 20220918181155.0 | ||
| 008 | 131025s9999 xx 000 0 und d | ||
| 040 | _aIT-RoPAU | ||
| 040 | _cIT-RoPAU | ||
| 041 | _aPOLACCO | ||
| 999 |
_c102485 _d102485 |
||
| 999 | _bn.d. | ||
| 100 |
_aAA.VV. _9794 |
||
| 100 |
_eAutore musica _924744 |
||
| 100 |
_gCodice autore musica SPICS: 12000 _9796 |
||
| 245 | _aZ Archiwum Polskiego Beatu vol. 2 (Lp Sx 2199) | ||
| 250 | _a1a ed. | ||
| 260 | _aPOLONIA | ||
| 260 |
_bMUZA _c1987 [1a Ed.:1966 - Ed. Lingua Orig.: 1966] |
||
| 300 | _aDISCO | ||
| 500 | _aMusica leggera polacca. Canzone polacca. | ||
| 505 | _aSiedemnascie Milionow - Milosc Sprzed Lat - To Nie Moja Wina - Cyganska Wrozba - Nie O Tobie Dzisiaj Mysle - Wilhelm Tell Beat - Kwiatki - Bedziesz Tylko W Tej Piosence - Badz Powazny Choc Raz - Troche Dobrze, Troche Zle - Pozwolcie Spiewac Ptakom - Big Beatland | ||
| 511 | _aCzerwono-Czarni | ||
| 650 |
_aMUSICA POLACCA [DISCHI] _eCodice MATERIA SPICS: 9950 _924745 |
||
| 700 |
_aKacperski W. _dCodice autore musica SPICS: 25432 _eAutore musica _pSiedemnascie Milionow _924746 |
||
| 700 |
_aMiller J. _dCodice autore testo/musica SPICS: 25498 _eAutore testo/musica _pSiedemnascie Milionow _924747 |
||
| 700 |
_aSkorupka A. _dCodice autore musica SPICS: 25433 _eAutore musica _pMilosc Sprzed Lat _924748 |
||
| 700 |
_aDzikowski K. _dCodice autore testo/musica SPICS: 25190 _eAutore testo/musica _pMilosc Sprzed Lat - Bedziesz Tylko W Tej Piosence - Badz Powazny Choc Raz - Troche Dobrze, Troche Zle - Big Beatland _924749 |
||
| 700 |
_aPoznakowski R. _dCodice autore musica SPICS: 25103 _eAutore musica _pTo Nie Moja Wina - Pozwolcie Spiewac Ptakom _924750 |
||
| 700 |
_aWinkler K. _dCodice autore testo/musica SPICS: 25189 _eAutore testo/musica _pTo Nie Moja Wina _924751 |
||
| 700 |
_aLech J. _dCodice autore musica SPICS: 25434 _eAutore musica _pCyganska Wrozba _924752 |
||
| 700 |
_aKarszowa M. _dCodice autore testo/musica SPICS: 25521 _eAutore testo/musica _pCyganska Wrozba _924753 |
||
| 700 |
_aMaga K. _dCodice autore musica SPICS: 25435 _eAutore musica _pNie O Tobie Dzisiaj Mysle - Bedziesz Tylko W Tej Piosence _924754 |
||
| 700 |
_aKondratowicz J. _dCodice autore testo/musica SPICS: 25196 _eAutore testo/musica _pNie O Tobie Dzisiaj Mysle - Pozwolcie Spiewac Ptakom _924755 |
||
| 700 |
_aRossiniego G. _dCodice autore musica SPICS: 25436 _eAutore musica _pWilhelm Tell Beat _924756 |
||
| 700 |
_aSobolewski A. _dCodice autore musica SPICS: 25437 _eAutore musica _pKwiatki _924757 |
||
| 700 |
_aKania R. _dCodice autore testo/musica SPICS: 25522 _eAutore testo/musica _pKwiatki _924758 |
||
| 700 |
_aKacperski W. _dCodice autore musica SPICS: 25432 _eAutore musica _pBadz Powazny Choc Raz _924759 |
||
| 700 |
_aWinkler K. _dCodice autore SPICS: 25189 _eAutore _pBadz Powazny Choc Raz - Big Beatland _924760 |
||
| 700 |
_aZomerski H. _dCodice autore musica SPICS: 25438 _eAutore musica _pTroche Dobrze, Troche Zle _924761 |
||
| 700 |
_aKlejne H. _dCodice autore musica SPICS: 25439 _eAutore musica _pBig Beatland _924762 |
||
| 942 |
_cMD _2ddc |
||